000 00781nam a22002897a 4500
003 DO-SdBNP
005 20180220135020.0
007 0033
008 151020b 1992 sp a ||||| |||| 00| 0 spa d
020 _a843482101X
040 _aBPMSU
_bspa
_cBPMSU
100 _aTeixidor, emili
240 1 _aEn Ranquet i el tresor /
245 _aRenco y el tesoro /
_cEmili Teixidor ; ilustraciones Tino Gatagán
250 _a6a. ed.
260 _aMadrid :
_b SM,
_c1992.
300 _a151 p.
_bil.
_c20 cm
490 0 _aEl Barco de vapor
_v37
490 0 _aRoja
521 _aA partir de 12 años.
700 1 _aGatagán, Tino
_eil.
830 0 _aEl barco de vapor
_v37
830 0 _aRoja
942 _2ddc
_cBK
945 _aInventariado, 2018/ YL
956 _adaysi garcia
999 _c8401
_d8401